| 000 | 00484nam a2200205Ia 4500 | ||
|---|---|---|---|
| 003 | OSt | ||
| 005 | 20140312075526.0 | ||
| 008 | 140130s9999 xx 000 0 und d | ||
| 020 | _a0531122514 | ||
| 050 |
_aLB 3013.32 _b.D39 2003 |
||
| 100 | _aDavidson, Tish | ||
| 245 |
_cTish Davidson. _aSchool conflict / |
||
| 260 |
_bScholastic, _c2003. _anew York : |
||
| 300 |
_a79 p. : _c20 cm. |
||
| 440 | _v1 | ||
| 521 | _aG12 | ||
| 526 | _c1180 | ||
| 942 |
_cBK _2lcc |
||
| 999 |
_c41438 _d41438 |
||